Statistics for Maisie Peters - I Want You to Change (Because You Want to Change)

Click here to take the quiz!

General Stats

  • This quiz has been taken 6 times
  • The average score is 264 of 355

Answer Stats

Answer% Correct
a
100%
am
100%
an
100%
be
100%
change
100%
do
100%
Doesn’t
100%
doesn’t
100%
I
100%
the
100%
to
100%
want
100%
When
100%
when
100%
you
100%
all
80%
and
80%
And
80%
but
80%
But
80%
can
80%
‘cause
80%
did
80%
did?
80%
don’t
80%
how
80%
How
80%
if
80%
is
80%
know
80%
love
80%
me
80%
no
80%
say
80%
supposed
80%
that?
80%
that
80%
Tryin’
80%
tryin’?
80%
Tryin’,
80%
tryin’
80%
You’re
80%
you’re
80%
can’t
60%
changing
60%
else
60%
from
60%
give
60%
good
60%
have
60%
I’m
60%
it
60%
just
60%
Just
60%
left
60%
live
60%
lyin’?
60%
lyin’
60%
Lyin’,
60%
mean
60%
not
60%
of
60%
Oh,
60%
oh
60%
see
60%
soon
60%
there
60%
there,
60%
thing’s
60%
think
60%
this
60%
too
60%
up
60%
wanna
60%
wanting
60%
what
60%
What
60%
won’t
60%
believe
40%
enough
40%
enough?
40%
ever
40%
feeling
40%
find
40%
fine
40%
fixed
40%
for
40%
getting
40%
guy
40%
harder,
40%
hate
40%
inch
40%
isn’t
40%
it’s
40%
leavin’
40%
life,
40%
meant
40%
much
40%
my
40%
now,
40%
one
40%
ooh
40%
out
40%
read
40%
sometimes
40%
sorry
40%
stuff
40%
tell
40%
those
40%
tried,
40%
tried
40%
wake
40%
whole
40%
ain’t
20%
better
20%
God,
20%
hero,
20%
honestly,
20%
magically
20%
make
20%
means
20%
minimum
20%
movie
20%
perfect
20%
person
20%
Really,
20%
right
20%
shit
20%
told
20%
way
20%
woah
20%

Score Distribution

Percentile by Number Answered

Percent of People with Each Score

Your Score History

You have not taken this quiz